000 00384nam a22001457a 4500
005 20250131110500.0
008 250131b |||||||| |||| 00| 0 eng d
020 _a9780826448866
050 _aHG4521
_bFEL
100 _aFell, Lindsay
245 _aAn Introduction to financial Products and markets
260 _aLondon
_bContinuum
_cc2000
300 _aviii, 229p
942 _2lcc
_cBK
_n0
999 _c3282
_d3282